000 00938nam a22002537a 4500
999 _c65932
_d65932
005 20240530110850.0
008 200912s2019 ua a f b 000 0dara d
017 _a2018/15371
_bمصر. دار الكتب
020 _a9789772123650
040 _aEG-CaGPL
_cEG-CaGPL
082 0 4 _221
_a953.078\
_bم م
100 0 _aمحمود جبر محمود البرعى
245 1 2 _aالمغول والجاسوسية :
_b603 - 822 هـ / 1206 - 1419 م ) /
_cمحمود جبر محمود البرعى
250 _aط.1
260 _aالاسكندرية :
_bمؤسسة شباب الجامعة ،
_c2019
300 _a242 ص. ؛
_c24 سم.
504 _aيشتمل على ارجاعات ببليوجرافية
650 0 7 _aالمغول
_2qrmak
650 0 7 _aالمغول والتتار
_2qrmak
650 0 7 _aالمغول
_xتاريخ
_2qrmak
651 _2qrmak
942 _2ddc
_cBK